000 00342nam a2200145Ia 4500
003 OSt
005 20240312100521.0
008 170524s9999 xx 000 0 und d
020 _a978-9353166526
040 _cIIMTU
100 _aCHANDRA- PRASANNA
245 0 _aFinancial Management
260 _bTATA MCGRAW HILL NEW DELHI
942 _2ddc
_c02
999 _c8509
_d8509